000 00379 a2200169 4500
260 _aParis
260 _bMasson
250 _a5 ème éd.
245 _aManuel de diététique en pratique médicale courante
100 _aCreff, A. F.
260 _c2004
300 _a299 p.
035 _a9629
999 _c18766
_d18766